कैलास-मानसरोवर / (Record no. 118289)

MARC details
000 -LEADER
fixed length control field 01118nam a22002657a 4500
005 - DATE AND TIME OF LATEST TRANSACTION
control field 20170124103110.0
010 ## - LIBRARY OF CONGRESS CONTROL NUMBER
LC control number B-233277
020 ## - INTERNATIONAL STANDARD BOOK NUMBER
Terms of availability 250.00
International Standard Book Number 8180950328
035 ## - SYSTEM CONTROL NUMBER
System control number B-233277
037 ## - SOURCE OF ACQUISITION
Source of stock number/acquisition Cen Lib/Ret
040 ## - CATALOGING SOURCE
Original cataloging agency DPL
Language of cataloging HN
082 ## - DEWEY DECIMAL CLASSIFICATION NUMBER
Classification number 230.91
Item number नौटिया
100 ## - MAIN ENTRY--PERSONAL NAME
Personal name नौटियाम, शिवानन्द
9 (RLIN) 79288
245 ## - TITLE STATEMENT
Title कैलास-मानसरोवर /
Statement of responsibility, etc शिवानन्द नौटियाल
246 ## - VARYING FORM OF TITLE
Title proper/short title Kailas-mansarover /
Remainder of title by Shivanand Nautiyal
260 ## - PUBLICATION, DISTRIBUTION, ETC. (IMPRINT)
Place of publication, distribution, etc दिल्ली
Name of publisher, distributor, etc अक्षरम
Date of publication, distribution, etc 2007
270 ## - ADDRESS
City दिल्ली
Address 50, मेधा अपार्टमेंट्स, मयूर विहार-I
Postal code 110091
300 ## - PHYSICAL DESCRIPTION
Extent 224पृ.
Dimensions 20सेमी(सजिल्द)
500 ## - GENERAL NOTE
General note अनुक्रमाणिका शामिल
650 ## - SUBJECT ADDED ENTRY--TOPICAL TERM
Topical term or geographic name as entry element हिन्दू - धर्म
9 (RLIN) 1413
650 ## - SUBJECT ADDED ENTRY--TOPICAL TERM
Topical term or geographic name as entry element भारत -- तीर्थ यात्रा
9 (RLIN) 79289
650 ## - SUBJECT ADDED ENTRY--TOPICAL TERM
Topical term or geographic name as entry element Hindu religion
9 (RLIN) 79290
650 ## - SUBJECT ADDED ENTRY--TOPICAL TERM
Topical term or geographic name as entry element India - Pilgrimage
9 (RLIN) 79291
942 ## - ADDED ENTRY ELEMENTS (KOHA)
Source of classification or shelving scheme Dewey Decimal Classification
Koha item type Hindi Books
Classification part 230.91
Call number suffix नौटिया
Holdings
Withdrawn status Lost status Source of classification or shelving scheme Damaged status Not for loan Home library Current library Date acquired Source of acquisition Cost, normal purchase price Total Checkouts Total Renewals Full call number Barcode Date last seen Date checked out Copy number Cost, replacement price Price effective from Koha item type
    Dewey Decimal Classification     Central Library Central Library 10/09/2015 Cen Lib/Ret 250.00 2 1 230.91 नौटिया B-233277 18/10/2019 20/09/2019 1 250.00 10/09/2015 Hindi Books
    Dewey Decimal Classification     Central Library Central Library 25/10/2016 Cen Lib/Ret 250.00 1 2 230.91 नौटिया A-952095 13/07/2019 02/06/2019 2 250.00 25/10/2016 Hindi Books

© Delhi Public Library
Hit Counter
free hit counter